01448nam a22001937a 4500003001000000005001700010008004100027040001400068041000700082100002100089245002700110260005200137300001200189500011100201520081800312650001501130654001101145700009801156IT-MiCISF20171120121505.0171120b xxu||||| |||| 00| 0 eng d cIT-MiCISF ait aVigorelli Pietro aLa relazione formativa aTricase (LE)bYoucanprint Self-Publishingc2017 app. 120 aeducazione, età-adulta, progetto, anziani, operatori-sociali, operatori-sanitari, formazione, esperienze aRinnovare le case per anziani (RSA), renderle più adatte per una vita il più possibile normale e attiva. È un progetto ambizioso ma ineludibile, che passa attraverso la formazione degli operatori dell'assistenza. Il volume vuole contribuire a questo rinnovamento mettendo a fuoco la relazione tra chi è deputato alla formazione e gli operatori. Partendo da questa relazione si può impostare una formazione capacitante e influire in modo efficace sulla qualità dell'assistenza. Dopo un saggio introduttivo sulla formazione degli adulti, l'autore esamina in modo dettagliato la relazione tra formatore e operatori e quella tra operatori e anziani con demenza. Il testo è ricco di esempi ed è arricchito dai contributi esperienziali di altri formatori che fanno riferimento all'Approccio Capacitante. aeducazione asaggio aPennati A.aPacifico I.aGallo M.aBotticchio E.aForti A.aSertorio S.aBasso D.aGiudici F.